000 00547nam a2200145Ia 4500
008 100204s9999 xx 000 0 und d
082 _b2989
100 _aयादव रामचंद्र तुकाराम
245 _aअभंगाची सार्थगाथ
260 _b"हिंदुराव गणपती वासकर, कोल्हापूर"
_c1976
300 _a720
630 _aअभंगाची सार्थगाथ
730 _aअभंगाची सार्थगाथ
942 _cBOOK
999 _c447971
_d447968